00314nam a2200109 a 450000500170000000800410001705000180005810000170007624500540009326000370014744000200018420140414131915.0100902s19uu xx 00 eng d aFICbK28 2005 aKelly, Jamie aDear dumb diary :bAm I the princess or the frog. aNew York :bScholastic ,c2005. aDear Dumb Diary